01009cam a2200277 i 450000100090000000300040000900500170001300800410003001000170007102000180008804000280010604200080013405000240014224501700016626400470033630000110038333600260039433700280042033800270044850000440047550400670051963000230058665000490060965000390065870000340069718235575OSt20230202112834.0140721s2014 miu b 001 0 eng  a 2014010369 a9780310516835 aDLCbengcDLCerdadDLC apcc00aBR115.C69bS37 201400aScripture and counseling :bGod's word for life in a broken world /cBob Kellemen, general editor, Jeffery Forrey, managing editor ; foreword by R. Albert Mohler Jr. 1aGrand Rapids, Michigan :bZondervan,c2014 a480 p. atextbtxt2rdacontent aunmediatedbn2rdamedia avolumebnc2rdacarrier a"A Biblical Counseling Coalition book." aIncludes bibliographical references (pages 448-458) and index.00aBiblexPsychology. 0aCounselingxReligious aspectsxChristianity. 0aChristian lifexBiblical teaching.1 aKellemen, Robert W.,eeditor.